[Event "Kadettlandskamp NOR-SWE A 2018"]
[Site "NTG, Bærum, Norway"]
[Date "2018.12.16"]
[Round "12.1"]
[White "Carlsson, Ludvig"]
[Black "Sjøberg, Isak"]
[Result "0-1"]
[WhiteTitle "CM"]
[WhiteFideId "1727010"]
[WhiteElo "1978"]
[BlackElo "2019"]

1. e4 {[%clk 00:15:18]} {[%emt 00:00:02]} a6 {[%clk 00:15:19]} {[%emt
00:00:02]} 2. d4 {[%clk 00:15:17]} {[%emt 00:00:11]} d6 {[%clk 00:15:27]}
{[%emt 00:00:01]} 3. Bd3 {[%clk 00:15:08]} {[%emt 00:00:19]} c5 {[%clk
00:15:32]} {[%emt 00:00:06]} 4. c3 {[%clk 00:15:13]} {[%emt 00:00:05]} cxd4
{[%clk 00:15:30]} {[%emt 00:00:12]} 5. cxd4 {[%clk 00:15:20]} {[%emt 00:00:02]}
Nf6 {[%clk 00:15:37]} {[%emt 00:00:03]} 6. a3 {[%clk 00:15:22]} {[%emt
00:00:08]} Nc6 {[%clk 00:15:39]} {[%emt 00:00:08]} 7. Nf3 {[%clk 00:15:08]}
{[%emt 00:00:24]} Bg4 {[%clk 00:15:43]} {[%emt 00:00:05]} 8. Be3 {[%clk
00:15:12]} {[%emt 00:00:06]} e6 {[%clk 00:13:50]} {[%emt 00:02:04]} 9. Nc3
{[%clk 00:14:40]} {[%emt 00:00:42]} Qb6 {[%clk 00:13:40]} {[%emt 00:00:20]} 10.
O-O {[%clk 00:14:40]} {[%emt 00:00:11]} Qc7 {[%clk 00:12:39]} {[%emt 00:01:11]}
11. h3 {[%clk 00:14:39]} {[%emt 00:00:10]} Bxf3 {[%clk 00:12:46]} {[%emt
00:00:03]} 12. Qxf3 {[%clk 00:14:47]} {[%emt 00:00:02]} Be7 {[%clk 00:12:55]}
{[%emt 00:00:01]} 13. Rac1 {[%clk 00:14:35]} {[%emt 00:00:22]} O-O {[%clk
00:12:53]} {[%emt 00:00:11]} 14. Qg3 {[%clk 00:14:18]} {[%emt 00:00:28]} Rfd8
{[%clk 00:12:33]} {[%emt 00:00:29]} 15. b4 {[%clk 00:13:52]} {[%emt 00:00:38]}
Rac8 {[%clk 00:12:31]} {[%emt 00:00:11]} 16. d5 {[%clk 00:13:33]} {[%emt
00:00:29]} Ne5 {[%clk 00:12:03]} {[%emt 00:00:38]} 17. Be2 {[%clk 00:12:17]}
{[%emt 00:01:26]} Qd7 {[%clk 00:11:10]} {[%emt 00:01:01]} 18. dxe6 {[%clk
00:10:25]} {[%emt 00:02:04]} Qxe6 {[%clk 00:10:59]} {[%emt 00:00:21]} 19. Bb6
{[%clk 00:09:25]} {[%emt 00:01:11]} Re8 {[%clk 00:10:44]} {[%emt 00:00:23]} 20.
f4 {[%clk 00:08:36]} {[%emt 00:00:59]} Nc4 {[%clk 00:10:18]} {[%emt 00:00:36]}
21. Bd4 {[%clk 00:08:42]} {[%emt 00:00:05]} Nd2 {[%clk 00:08:38]} {[%emt
00:01:49]} 22. f5 {[%clk 00:08:48]} {[%emt 00:00:05]} Qd7 {[%clk 00:06:46]}
{[%emt 00:02:02]} 23. h4 {[%clk 00:04:19]} {[%emt 00:04:39]} Kh8 {[%clk
00:05:12]} {[%emt 00:01:44]} 24. h5 {[%clk 00:04:24]} {[%emt 00:00:05]} Rg8
{[%clk 00:05:19]} {[%emt 00:00:03]} 25. h6 {[%clk 00:04:24]} {[%emt 00:00:10]}
Nb3 {[%clk 00:03:56]} {[%emt 00:01:32]} 26. Nd5 {[%clk 00:02:41]} {[%emt
00:01:54]} Nxd4 {[%clk 00:03:16]} {[%emt 00:00:50]} 27. hxg7+ {[%clk 00:01:31]}
{[%emt 00:01:20]} Rxg7 {[%clk 00:03:25]} {[%emt 00:00:01]} 28. Rxc8+ {[%clk
00:00:12]} {[%emt 00:01:30]} Qxc8 {[%clk 00:03:33]} {[%emt 00:00:02]} 29. Qe3
{[%clk 00:00:14]} {[%emt 00:00:07]} Nxe2+ {[%clk 00:03:33]} {[%emt 00:00:10]}
30. Qxe2 {[%clk 00:00:22]} {[%emt 00:00:03]} Nxd5 {[%clk 00:03:40]} {[%emt
00:00:03]} 31. exd5 {[%clk 00:00:26]} {[%emt 00:00:06]} Bf6 {[%clk 00:03:46]}
{[%emt 00:00:03]} 32. Qe3 {[%clk 00:00:15]} {[%emt 00:00:20]} Qc2 {[%clk
00:03:04]} {[%emt 00:00:52]} 33. Rf2 {[%clk 00:00:17]} {[%emt 00:00:08]} Qd1+
{[%clk 00:03:10]} {[%emt 00:00:04]} 34. Kh2 {[%clk 00:00:14]} {[%emt 00:00:14]}
Be5+ {[%clk 00:03:05]} {[%emt 00:00:15]} 35. Kh3 {[%clk 00:00:22]} {[%emt
00:00:01]} Qh5# {[%clk 00:03:11]} {[%emt 00:00:04]} 0-1

[Event "Kadettlandskamp NOR-SWE A 2018"]
[Site "NTG, Bærum, Norway"]
[Date "2018.12.16"]
[Round "12.2"]
[White "Törngren, Gustav"]
[Black "Kaasen, Tor Fredrik"]
[Result "0-1"]
[BlackTitle "IM"]
[WhiteFideId "1728970"]
[BlackFideId "1516647"]
[WhiteElo "1909"]
[BlackElo "2106"]

1. c4 {[%clk 00:15:16]} {[%emt 00:00:02]} Nf6 {[%clk 00:15:18]} {[%emt
00:00:03]} 2. g3 {[%clk 00:15:24]} {[%emt 00:00:03]} g6 {[%clk 00:15:27]}
{[%emt 00:00:01]} 3. Bg2 {[%clk 00:15:31]} {[%emt 00:00:03]} Bg7 {[%clk
00:15:35]} {[%emt 00:00:02]} 4. Nc3 {[%clk 00:15:39]} {[%emt 00:00:03]} O-O
{[%clk 00:15:42]} {[%emt 00:00:02]} 5. e4 {[%clk 00:15:45]} {[%emt 00:00:03]}
d6 {[%clk 00:15:50]} {[%emt 00:00:03]} 6. Nge2 {[%clk 00:15:51]} {[%emt
00:00:03]} c5 {[%clk 00:15:58]} {[%emt 00:00:03]} 7. O-O {[%clk 00:15:59]}
{[%emt 00:00:02]} Nc6 {[%clk 00:16:06]} {[%emt 00:00:02]} 8. Rb1 {[%clk
00:16:04]} {[%emt 00:00:04]} Ne8 {[%clk 00:16:14]} {[%emt 00:00:03]} 9. a3
{[%clk 00:16:12]} {[%emt 00:00:02]} a5 {[%clk 00:16:22]} {[%emt 00:00:02]} 10.
d3 {[%clk 00:16:19]} {[%emt 00:00:03]} Nc7 {[%clk 00:16:30]} {[%emt 00:00:02]}
11. Be3 {[%clk 00:16:26]} {[%emt 00:00:03]} Ne6 {[%clk 00:16:38]} {[%emt
00:00:02]} 12. h3 {[%clk 00:16:34]} {[%emt 00:00:02]} Ned4 {[%clk 00:16:46]}
{[%emt 00:00:02]} 13. Kh2 {[%clk 00:16:41]} {[%emt 00:00:03]} Rb8 {[%clk
00:16:53]} {[%emt 00:00:03]} 14. f4 {[%clk 00:16:48]} {[%emt 00:00:02]} Bd7
{[%clk 00:17:01]} {[%emt 00:00:03]} 15. Bg1 {[%clk 00:16:55]} {[%emt 00:00:02]}
b5 {[%clk 00:17:08]} {[%emt 00:00:03]} 16. cxb5 {[%clk 00:17:02]} {[%emt
00:00:02]} Nxb5 {[%clk 00:17:16]} {[%emt 00:00:04]} 17. f5 {[%clk 00:17:09]}
{[%emt 00:00:03]} Nbd4 18. Nxd4 {[%clk 00:17:16]} Nxd4 {[%clk 00:17:30]} {[%emt
00:00:04]} 19. Nd5 {[%clk 00:17:23]} {[%emt 00:00:03]} Be5 {[%clk 00:17:38]}
{[%emt 00:00:02]} 20. fxg6 {[%clk 00:17:31]} {[%emt 00:00:02]} hxg6 {[%clk
00:17:45]} {[%emt 00:00:03]} 21. Qd2 {[%clk 00:17:36]} {[%emt 00:00:04]} Rb3
{[%clk 00:17:52]} {[%emt 00:00:03]} 22. Be3 {[%clk 00:17:43]} {[%emt 00:00:03]}
e6 {[%clk 00:18:00]} {[%emt 00:00:02]} 23. Nc3 {[%clk 00:17:49]} {[%emt
00:00:05]} Qe7 {[%clk 00:18:06]} {[%emt 00:00:02]} 24. Bh6 {[%clk 00:17:55]}
{[%emt 00:00:04]} Rfb8 {[%clk 00:18:13]} {[%emt 00:00:04]} 25. Bg5 {[%clk
00:18:02]} {[%emt 00:00:03]} f6 {[%clk 00:18:18]} {[%emt 00:00:02]} 26. Bf4
{[%clk 00:18:09]} {[%emt 00:00:06]} Bc6 {[%clk 00:18:23]} {[%emt 00:00:05]} 27.
Rf2 {[%clk 00:18:17]} {[%emt 00:00:03]} Kg7 {[%clk 00:18:30]} {[%emt 00:00:03]}
28. Bxe5 {[%clk 00:18:24]} {[%emt 00:00:03]} dxe5 {[%clk 00:18:34]} {[%emt
00:00:06]} 29. Rbf1 {[%clk 00:18:31]} {[%emt 00:00:03]} Rf8 {[%clk 00:18:41]}
{[%emt 00:00:02]} 30. Nd1 {[%clk 00:18:38]} {[%emt 00:00:03]} Bb5 {[%clk
00:18:49]} {[%emt 00:00:02]} 31. Nc3 {[%clk 00:18:45]} {[%emt 00:00:03]} Ba6
{[%clk 00:18:56]} {[%emt 00:00:02]} 32. Qc1 {[%clk 00:18:52]} {[%emt 00:00:03]}
Bxd3 {[%clk 00:19:03]} {[%emt 00:00:03]} 33. Rd1 {[%clk 00:18:58]} {[%emt
00:00:05]} Ba6 {[%clk 00:19:10]} {[%emt 00:00:03]} 34. Na4 {[%clk 00:19:03]}
{[%emt 00:00:04]} Rc8 {[%clk 00:19:17]} {[%emt 00:00:03]} 35. Bf1 {[%clk
00:19:10]} {[%emt 00:00:02]} c4 {[%clk 00:19:25]} {[%emt 00:00:03]} 36. h4
{[%clk 00:19:18]} {[%emt 00:00:03]} f5 {[%clk 00:19:33]} {[%emt 00:00:02]} 37.
Nc3 {[%clk 00:19:25]} {[%emt 00:00:03]} Rf8 {[%clk 00:19:37]} {[%emt 00:00:04]}
38. Bh3 {[%clk 00:19:30]} {[%emt 00:00:05]} Bb7 {[%clk 00:19:43]} {[%emt
00:00:05]} 39. Qe3 {[%clk 00:19:37]} {[%emt 00:00:04]} Bxe4 {[%clk 00:19:49]}
{[%emt 00:00:04]} 40. Rxd4 {[%clk 00:19:42]} {[%emt 00:00:04]} exd4 {[%clk
00:19:55]} {[%emt 00:00:05]} 41. Qxd4+ {[%clk 00:19:49]} {[%emt 00:00:03]} e5
{[%clk 00:20:00]} {[%emt 00:00:03]} 42. Qxc4 {[%clk 00:19:55]} {[%emt
00:00:05]} Rfb8 {[%clk 00:20:07]} {[%emt 00:00:03]} 43. Nxe4 {[%clk 00:20:02]}
{[%emt 00:00:04]} fxe4 {[%clk 00:20:13]} {[%emt 00:00:03]} 44. Qxe4 {[%clk
00:20:09]} {[%emt 00:00:05]} Rxb2 {[%clk 00:20:18]} {[%emt 00:00:03]} 45. Rxb2
{[%clk 00:20:14]} {[%emt 00:00:05]} Rxb2+ {[%clk 00:20:24]} {[%emt 00:00:04]}
46. Bg2 {[%clk 00:20:16]} {[%emt 00:00:07]} Qd6 {[%clk 00:20:31]} {[%emt
00:00:04]} 47. Qe1 {[%clk 00:20:23]} {[%emt 00:00:02]} Qd5 {[%clk 00:20:38]}
{[%emt 00:00:04]} 48. Qg1 {[%clk 00:20:08]} {[%emt 00:00:25]} Qd4 {[%clk
00:20:43]} {[%emt 00:00:03]} 49. Qc1 {[%clk 00:20:14]} {[%emt 00:00:05]} Qf2
{[%clk 00:20:49]} {[%emt 00:00:04]} 50. Qc7+ {[%clk 00:20:21]} {[%emt
00:00:04]} Kh6 {[%clk 00:20:57]} {[%emt 00:00:03]} 51. Qc1+ {[%clk 00:20:28]}
{[%emt 00:00:02]} Qd2 {[%clk 00:21:05]} {[%emt 00:00:02]} 52. Qf1 {[%clk
00:20:35]} {[%emt 00:00:03]} Kg7 {[%clk 00:21:13]} {[%emt 00:00:02]} 53. Kh3
{[%clk 00:20:43]} {[%emt 00:00:03]} Qf2 {[%clk 00:21:22]} {[%emt 00:00:01]} 54.
a4 {[%clk 00:20:50]} {[%emt 00:00:03]} Qxf1 {[%clk 00:21:28]} {[%emt 00:00:03]}
0-1

[Event "Kadettlandskamp NOR-SWE A 2018"]
[Site "NTG, Bærum, Norway"]
[Date "2018.12.16"]
[Round "12.3"]
[White "Nordquelle, Daniel"]
[Black "Söderström, Adrian"]
[Result "1-0"]
[WhiteTitle "FM"]
[WhiteFideId "1519042"]
[BlackFideId "1745786"]
[WhiteElo "2020"]
[BlackElo "1949"]

1. e4 {[%clk 00:15:19]} c5 {[%clk 00:15:15]} {[%emt 00:00:05]} 2. Nf3 {[%clk
00:15:17]} {[%emt 00:00:13]} d6 {[%clk 00:15:21]} {[%emt 00:00:03]} 3. d4
{[%clk 00:15:25]} {[%emt 00:00:03]} cxd4 {[%clk 00:15:30]} {[%emt 00:00:02]} 4.
Nxd4 {[%clk 00:15:34]} Nf6 {[%clk 00:15:39]} 5. f3 {[%clk 00:15:43]} e5 {[%clk
00:15:39]} {[%emt 00:00:10]} 6. Nb3 {[%clk 00:15:50]} {[%emt 00:00:04]} Nc6
{[%clk 00:15:32]} {[%emt 00:00:16]} 7. c4 {[%clk 00:15:58]} {[%emt 00:00:02]}
Be6 {[%clk 00:15:21]} {[%emt 00:00:20]} 8. Nc3 {[%clk 00:16:01]} {[%emt
00:00:08]} Be7 {[%clk 00:15:06]} {[%emt 00:00:25]} 9. Be3 {[%clk 00:16:09]}
{[%emt 00:00:02]} O-O {[%clk 00:15:13]} {[%emt 00:00:02]} 10. Be2 {[%clk
00:16:06]} {[%emt 00:00:14]} Ne8 {[%clk 00:15:00]} {[%emt 00:00:23]} 11. Nd5
{[%clk 00:16:13]} {[%emt 00:00:03]} f5 {[%clk 00:15:05]} {[%emt 00:00:06]} 12.
O-O {[%clk 00:16:15]} {[%emt 00:00:07]} Nf6 {[%clk 00:15:07]} {[%emt 00:00:08]}
13. Bd3 {[%clk 00:16:05]} {[%emt 00:00:20]} f4 {[%clk 00:14:58]} {[%emt
00:00:18]} 14. Bf2 {[%clk 00:16:11]} {[%emt 00:00:04]} g5 {[%clk 00:14:54]}
{[%emt 00:00:15]} 15. Nxe7+ {[%clk 00:16:00]} {[%emt 00:00:21]} Qxe7 {[%clk
00:14:54]} {[%emt 00:00:10]} 16. c5 {[%clk 00:16:07]} {[%emt 00:00:03]} d5
{[%clk 00:13:57]} {[%emt 00:01:07]} 17. exd5 {[%clk 00:16:13]} {[%emt
00:00:04]} Nxd5 {[%clk 00:14:05]} {[%emt 00:00:02]} 18. Nd2 {[%clk 00:15:40]}
{[%emt 00:00:44]} Rad8 {[%clk 00:14:03]} {[%emt 00:00:11]} 19. Qe2 {[%clk
00:15:18]} {[%emt 00:00:31]} Kh8 {[%clk 00:13:37]} {[%emt 00:00:37]} 20. Rad1
{[%clk 00:15:11]} {[%emt 00:00:17]} Rg8 {[%clk 00:12:45]} {[%emt 00:01:01]} 21.
Bb5 {[%clk 00:14:58]} {[%emt 00:00:24]} Bf5 {[%clk 00:12:31]} {[%emt 00:00:23]}
22. Rfe1 {[%clk 00:15:06]} {[%emt 00:00:02]} g4 {[%clk 00:12:23]} {[%emt
00:00:19]} 23. Bxc6 {[%clk 00:15:08]} {[%emt 00:00:08]} gxf3 {[%clk 00:12:28]}
{[%emt 00:00:05]} 24. Nxf3 {[%clk 00:15:08]} {[%emt 00:00:09]} bxc6 {[%clk
00:10:52]} {[%emt 00:01:47]} 25. Qxe5+ {[%clk 00:15:04]} {[%emt 00:00:14]} Qxe5
{[%clk 00:10:58]} {[%emt 00:00:04]} 26. Rxe5 {[%clk 00:15:06]} {[%emt
00:00:08]} Bg4 {[%clk 00:10:15]} {[%emt 00:00:53]} 27. Rexd5 {[%clk 00:14:34]}
{[%emt 00:00:42]} Rxd5 {[%clk 00:09:25]} {[%emt 00:01:00]} 28. Rxd5 {[%clk
00:14:42]} {[%emt 00:00:02]} Bxf3 {[%clk 00:09:26]} {[%emt 00:00:09]} 29. Bd4+
{[%clk 00:14:50]} {[%emt 00:00:01]} 1-0

[Event "Kadettlandskamp NOR-SWE A 2018"]
[Site "NTG, Bærum, Norway"]
[Date "2018.12.16"]
[Round "12.4"]
[White "Tryggestad, Andreas"]
[Black "Jönsson, Jacob"]
[Result "1-0"]
[WhiteTitle "FM"]
[WhiteFideId "1513338"]
[BlackFideId "1726315"]
[WhiteElo "2189"]
[BlackElo "1724"]

1. b3 {[%clk 00:15:18]} {[%emt 00:00:01]} d5 {[%clk 00:15:16]} {[%emt
00:00:04]} 2. Bb2 {[%clk 00:15:27]} Nf6 {[%clk 00:15:19]} {[%emt 00:00:08]} 3.
Nf3 {[%clk 00:15:36]} {[%emt 00:00:01]} g6 {[%clk 00:15:25]} {[%emt 00:00:04]}
4. e3 {[%clk 00:15:45]} {[%emt 00:00:01]} Bg7 {[%clk 00:15:34]} {[%emt
00:00:01]} 5. Be2 {[%clk 00:15:53]} {[%emt 00:00:02]} O-O {[%clk 00:15:42]}
{[%emt 00:00:01]} 6. O-O {[%clk 00:16:02]} {[%emt 00:00:02]} c5 {[%clk
00:15:41]} {[%emt 00:00:11]} 7. c4 {[%clk 00:16:10]} {[%emt 00:00:01]} b6
{[%clk 00:15:44]} {[%emt 00:00:08]} 8. d4 {[%clk 00:16:16]} {[%emt 00:00:04]}
cxd4 {[%clk 00:15:51]} {[%emt 00:00:03]} 9. Nxd4 {[%clk 00:16:24]} {[%emt
00:00:01]} Bb7 {[%emt 00:00:02]} 10. Bf3 e5 {[%clk 00:16:04]} {[%emt 00:00:06]}
11. Nb5 {[%clk 00:16:40]} {[%emt 00:00:04]} e4 {[%clk 00:16:11]} {[%emt
00:00:03]} 12. Be2 {[%emt 00:00:03]} a6 {[%clk 00:15:59]} {[%emt 00:00:20]} 13.
Nd4 {[%clk 00:16:51]} {[%emt 00:00:08]} Nc6 {[%clk 00:15:46]} {[%emt 00:00:23]}
14. Nxc6 {[%clk 00:16:12]} {[%emt 00:00:48]} Bxc6 {[%clk 00:15:54]} {[%emt
00:00:03]} 15. Nc3 {[%clk 00:16:12]} {[%emt 00:00:09]} dxc4 {[%clk 00:15:52]}
{[%emt 00:00:13]} 16. Bxc4 {[%clk 00:16:20]} {[%emt 00:00:02]} b5 {[%clk
00:15:58]} {[%emt 00:00:04]} 17. Be2 {[%clk 00:16:28]} {[%emt 00:00:02]} Qxd1
{[%clk 00:16:05]} {[%emt 00:00:03]} 18. Rfxd1 {[%clk 00:16:36]} {[%emt
00:00:01]} Rfd8 {[%clk 00:16:14]} {[%emt 00:00:02]} 19. Rac1 {[%clk 00:16:36]}
{[%emt 00:00:10]} Bb7 {[%clk 00:16:06]} {[%emt 00:00:18]} 20. a4 {[%clk
00:16:02]} {[%emt 00:00:44]} b4 {[%clk 00:16:13]} {[%emt 00:00:03]} 21. Nb1
{[%clk 00:16:06]} {[%emt 00:00:06]} Nd5 {[%clk 00:15:58]} {[%emt 00:00:25]} 22.
Bxg7 {[%clk 00:15:52]} {[%emt 00:00:24]} Kxg7 {[%clk 00:16:06]} {[%emt
00:00:02]} 23. Kf1 {[%clk 00:15:19]} {[%emt 00:00:43]} Rac8 {[%clk 00:15:41]}
{[%emt 00:00:35]} 24. Ke1 {[%clk 00:15:25]} {[%emt 00:00:04]} a5 {[%clk
00:15:21]} {[%emt 00:00:30]} 25. Bb5 {[%clk 00:15:10]} {[%emt 00:00:25]} Kf6
{[%clk 00:15:16]} {[%emt 00:00:15]} 26. Ke2 {[%clk 00:14:30]} {[%emt 00:00:50]}
Ke5 {[%clk 00:15:11]} {[%emt 00:00:15]} 27. f4+ {[%clk 00:14:37]} {[%emt
00:00:03]} exf3+ {[%clk 00:15:19]} {[%emt 00:00:02]} 28. gxf3 {[%clk 00:14:45]}
{[%emt 00:00:01]} g5 {[%clk 00:14:36]} {[%emt 00:00:52]} 29. Kf2 {[%clk
00:11:23]} {[%emt 00:03:33]} f6 {[%clk 00:13:29]} {[%emt 00:01:17]} 30. Nd2
{[%clk 00:05:11]} {[%emt 00:06:22]} Nc3 {[%clk 00:13:19]} {[%emt 00:00:20]} 31.
Nc4+ {[%clk 00:05:17]} {[%emt 00:00:04]} Ke6 {[%clk 00:13:09]} {[%emt
00:00:20]} 32. Rxd8 {[%clk 00:04:32]} {[%emt 00:00:55]} Rxd8 {[%clk 00:13:17]}
{[%emt 00:00:02]} 33. Nxa5 {[%clk 00:04:41]} {[%emt 00:00:01]} Rd2+ {[%clk
00:13:11]} {[%emt 00:00:16]} 34. Ke1 {[%clk 00:04:50]} {[%emt 00:00:01]} Rxh2
{[%clk 00:13:11]} {[%emt 00:00:10]} 35. Nxb7 {[%clk 00:04:51]} {[%emt
00:00:09]} Rh1+ {[%clk 00:11:56]} {[%emt 00:01:25]} 36. Bf1 {[%clk 00:04:16]}
{[%emt 00:00:44]} h5 {[%clk 00:11:48]} {[%emt 00:00:19]} 37. Nc5+ {[%clk
00:04:23]} {[%emt 00:00:03]} Kd5 {[%clk 00:11:50]} {[%emt 00:00:08]} 38. Nd3
{[%clk 00:04:31]} {[%emt 00:00:03]} Kd6 {[%clk 00:11:21]} {[%emt 00:00:38]} 39.
Nxb4 {[%clk 00:04:33]} {[%emt 00:00:08]} h4 {[%clk 00:11:03]} {[%emt 00:00:28]}
40. Rxc3 {[%clk 00:04:37]} {[%emt 00:00:06]} h3 {[%clk 00:11:12]} {[%emt
00:00:02]} 41. Rc8 {[%clk 00:04:36]} {[%emt 00:00:10]} f5 {[%clk 00:11:09]}
{[%emt 00:00:13]} 42. Kf2 {[%clk 00:04:26]} {[%emt 00:00:20]} g4 {[%clk
00:10:45]} {[%emt 00:00:34]} 43. fxg4 {[%clk 00:04:34]} {[%emt 00:00:02]} fxg4
{[%clk 00:10:54]} {[%emt 00:00:01]} 44. Rh8 {[%clk 00:04:24]} {[%emt 00:00:19]}
g3+ {[%clk 00:10:27]} {[%emt 00:00:39]} 45. Kxg3 {[%clk 00:04:31]} {[%emt
00:00:03]} Rxf1 {[%clk 00:10:35]} {[%emt 00:00:01]} 46. Rxh3 {[%clk 00:04:37]}
{[%emt 00:00:04]} Rb1 {[%clk 00:10:43]} {[%emt 00:00:02]} 47. Kf4 {[%clk
00:04:41]} {[%emt 00:00:05]} Rxb3 {[%clk 00:10:51]} {[%emt 00:00:03]} 48. Rh6+
{[%clk 00:04:48]} {[%emt 00:00:03]} Kd7 {[%clk 00:10:46]} {[%emt 00:00:14]} 49.
Rb6 {[%clk 00:04:49]} {[%emt 00:00:10]} Ra3 {[%clk 00:10:45]} {[%emt 00:00:10]}
50. Ra6 {[%clk 00:04:48]} {[%emt 00:00:11]} Rb3 {[%clk 00:10:50]} {[%emt
00:00:06]} 51. Nc6 {[%clk 00:04:55]} {[%emt 00:00:02]} Rc3 {[%clk 00:10:52]}
{[%emt 00:00:09]} 52. Nd4 {[%clk 00:05:02]} {[%emt 00:00:02]} Kc8 {[%clk
00:10:59]} {[%emt 00:00:04]} 53. Rc6+ {[%clk 00:05:10]} {[%emt 00:00:02]} 1-0

[Event "Kadettlandskamp NOR-SWE A 2018"]
[Site "NTG, Bærum, Norway"]
[Date "2018.12.16"]
[Round "12.5"]
[White "Vestby-Ellingsen, Mads"]
[Black "Trost, Edvin"]
[Result "1-0"]
[WhiteTitle "FM"]
[WhiteFideId "1520857"]
[BlackFideId "1729519"]
[WhiteElo "2009"]
[BlackElo "1856"]

1. e4 {[%clk 00:15:18]} {[%emt 00:00:01]} c5 {[%clk 00:15:20]} 2. Nf3 {[%clk
00:15:25]} {[%emt 00:00:03]} e6 {[%clk 00:15:29]} 3. d4 {[%clk 00:15:32]}
{[%emt 00:00:04]} cxd4 {[%clk 00:15:37]} {[%emt 00:00:02]} 4. Bg5 {[%clk
00:15:40]} {[%emt 00:00:02]} Qa5+ {[%clk 00:15:09]} {[%emt 00:00:38]} 5. c3
{[%clk 00:15:42]} {[%emt 00:00:08]} h6 {[%clk 00:15:05]} {[%emt 00:00:15]} 6.
Bd2 {[%clk 00:15:38]} {[%emt 00:00:13]} Qb6 {[%clk 00:14:55]} {[%emt 00:00:20]}
7. cxd4 {[%clk 00:15:34]} {[%emt 00:00:14]} Qxb2 {[%clk 00:14:59]} {[%emt
00:00:07]} 8. Nc3 {[%clk 00:15:38]} {[%emt 00:00:05]} a6 {[%clk 00:14:54]}
{[%emt 00:00:16]} 9. Bd3 {[%clk 00:12:53]} {[%emt 00:02:54]} Nf6 {[%clk
00:14:33]} {[%emt 00:00:32]} 10. O-O {[%clk 00:11:54]} {[%emt 00:01:09]} Be7
{[%clk 00:14:05]} {[%emt 00:00:38]} 11. Na4 {[%clk 00:09:09]} {[%emt 00:02:54]}
Qa3 {[%clk 00:14:00]} {[%emt 00:00:15]} 12. Bc1 {[%clk 00:09:12]} {[%emt
00:00:06]} Qb4 {[%clk 00:14:00]} {[%emt 00:00:10]} 13. Rb1 {[%clk 00:09:05]}
{[%emt 00:00:18]} Qa5 {[%clk 00:13:40]} {[%emt 00:00:29]} 14. Nb6 {[%clk
00:09:07]} {[%emt 00:00:09]} O-O {[%clk 00:13:04]} {[%emt 00:00:47]} 15. Bd2
{[%clk 00:06:55]} {[%emt 00:02:21]} Qa3 {[%clk 00:12:32]} {[%emt 00:00:43]} 16.
Rb3 {[%clk 00:07:01]} {[%emt 00:00:03]} Qxa2 {[%clk 00:12:29]} {[%emt
00:00:13]} 17. Nxa8 {[%clk 00:07:06]} {[%emt 00:00:05]} b5 {[%clk 00:12:37]}
{[%emt 00:00:02]} 18. Bb1 {[%clk 00:06:30]} {[%emt 00:00:46]} Qa1 {[%clk
00:12:09]} {[%emt 00:00:38]} 19. Bc3 {[%clk 00:06:35]} {[%emt 00:00:04]} 1-0